North American Countries - Statistics

General Stats
  • This quiz has been taken 1,493 times
    1,479 since last reset
  • The average score is 15 of 23
Answers on the Map
Answers color-coded by a green-red scale on the quiz's map according to % correct below.
 
Answer Stats
Carribean, Central America, North America % Correct
United States
97%
Canada
96%
Mexico
94%
Cuba
82%
Panama
79%
Bahamas
73%
Haiti
73%
Jamaica
73%
Honduras
70%
Costa Rica
69%
Guatemala
69%
Dominica
67%
Dominican Republic
67%
El Salvador
67%
Nicaragua
67%
Belize
65%
Barbados
60%
Antigua and Barbuda
54%
St Lucia
53%
Trinidad and Tobago
47%
St Vincent and the Grenadines
44%
St Kitts and Nevis
41%
Grenada
39%
No matching quizzes found
Score Distribution
Percent of People with Each Score
Percentile by Number Answered
Your Score History
You have not taken this quiz since the last reset